Through the Kaleidoscope: Corporate Logos Quiz Stats

 Plays Quiz Updated Oct 4, 2017

Score 0/18 Timer 04:00
2 Plays Today
% Correct
Coca-Cola
99%
Starbucks
98.5%
KFC
97.2%
Google
96.9%
FedEx
96.7%
Subway
95.5%
IKEA
93.8%
Amazon
93.4%
Pringles
89.6%
% Correct
Walmart
87.1%
Michelin
86.2%
NASA
85.3%
Wikipedia
79.9%
History Channel
78.7%
IBM
70.8%
Reddit
61.9%
Lacoste
56.1%
Sporcle
50%

You're not logged in!

Compare scores with friends on all Sporcle quizzes.
OR
Log In

You Might Also Like...

Show Comments

Extras

Top Quizzes Today


Score Distribution

Your Account Isn't Verified!

In order to create a playlist on Sporcle, you need to verify the email address you used during registration. Go to your Sporcle Settings to finish the process.

Report this User

Report this user for behavior that violates our Community Guidelines.

Details: